Brothers Karamazov : The Constance Garnett Translation Revised by Ralph E. Matlaw Backgrounds and Sources Essays in Criticism (Record no. 369464)
[ view plain ]
| 000 -LEADER | |
|---|---|
| fixed length control field | 00412 a2200133 4500 |
| 003 - CONTROL NUMBER IDENTIFIER | |
| control field | NUST |
| 038 ## - RECORD CONTENT LICENSOR | |
| Staff Name | waseem |
| 082 ## - DEWEY DECIMAL CLASSIFICATION NUMBER | |
| Classification number | 891.733 |
| Author Mark | DOS |
| 100 ## - MAIN ENTRY--PERSONAL NAME | |
| Personal name | Dostoevsky,F. |
| 9 (RLIN) | 21462 |
| 245 ## - TITLE STATEMENT | |
| Title | Brothers Karamazov : The Constance Garnett Translation Revised by Ralph E. Matlaw Backgrounds and Sources Essays in Criticism |
| 260 ## - PUBLICATION, DISTRIBUTION, ETC. | |
| Place of publication, distribution, etc. | New York : |
| Name of publisher, distributor, etc. | W.W. Norton & Company, |
| Date of publication, distribution, etc. | 1976. |
| 300 ## - PHYSICAL DESCRIPTION | |
| Extent | 887 p. ; |
| 942 ## - ADDED ENTRY ELEMENTS (KOHA) | |
| Koha item type | Book |
| Source of classification or shelving scheme | |
| Withdrawn status | Lost status | Source of classification or shelving scheme | Damaged status | Not for loan | Permanent Location | Current Location | Shelving location | Date acquired | Total Checkouts | Total Renewals | Full call number | Barcode | Checked out | Date last seen | Date last checked out | Price effective from | Koha item type |
|---|---|---|---|---|---|---|---|---|---|---|---|---|---|---|---|---|---|
| Central Library (CL) | Central Library (CL) | Fiction | 09/26/2019 | 6 | 10 | 891.733 DOS | SEECS006782 | 04/16/2026 | 03/17/2026 | 03/17/2026 | 09/26/2019 | Book |
